| 000 | 01172cam a22003014a 4500 | ||
|---|---|---|---|
| 999 |
_c28951 _d28922 |
||
| 001 | 12266958 | ||
| 003 | EG-ScBUE | ||
| 005 | 20201124141806.0 | ||
| 008 | 001228t2001 njua f 001 0 eng d | ||
| 020 | _a0130281360 | ||
| 040 |
_aDLC _beng _erda _cDLC _dDLC _dEG-ScBUE |
||
| 082 | 0 | 4 |
_a384 _bMOU _222 |
| 245 | 1 | 0 |
_aTelecommunications survival guide / _cPete Moulton with the assistance of Jason Moulton. |
| 264 | 1 |
_aUpper Saddle River, NJ : _bPrentice Hall PTR, _c[2001] |
|
| 264 | 4 | _cc2001 | |
| 300 |
_axxiii, 678 pages : _billustrations ; _c24 cm |
||
| 336 |
_2rdacontent _atext _btxt |
||
| 337 |
_2rdamedia _aunmediated _bn |
||
| 338 |
_2rdacarrier _avolume _bnc |
||
| 500 | _aIncludes index. | ||
| 500 | _aIncludes appendix. | ||
| 650 | 7 |
_aTelecommunication. _2BUEsh |
|
| 653 |
_bCOMAME _cOctober2020 |
||
| 655 |
_vReading book _934232 |
||
| 906 |
_a7 _bcbc _corignew _d1 _eocip _f20 _gy-gencatlg |
||
| 942 |
_2ddc _cBB |
||